General chemistry : (Record no. 43)

000 -LEADER
fixed length control field 01308cam a2200385 i 4500
001 - CONTROL NUMBER
control field 17327936
003 - CONTROL NUMBER IDENTIFIER
control field OSt
005 - DATE AND TIME OF LATEST TRANSACTION
control field 20241030100537.0
008 - FIXED-LENGTH DATA ELEMENTS--GENERAL INFORMATION
fixed length control field 120601t20142014iaua 001 0 eng
010 ## - LIBRARY OF CONGRESS CONTROL NUMBER
LC control number 2012018233
020 ## - INTERNATIONAL STANDARD BOOK NUMBER
International Standard Book Number 9780073402758 (hard copy : alk. paper)
020 ## - INTERNATIONAL STANDARD BOOK NUMBER
International Standard Book Number 0073402753 (hard copy : alk. paper)
040 ## - CATALOGING SOURCE
Original cataloging agency DLC
Language of cataloging eng
Transcribing agency DLC
Description conventions rda
Modifying agency DLC
042 ## - AUTHENTICATION CODE
Authentication code pcc
050 00 - LIBRARY OF CONGRESS CALL NUMBER
Classification number QD33.2
Item number .C48 2014
080 ## - UNIVERSAL DECIMAL CLASSIFICATION NUMBER
Universal Decimal Classification number 54
Item number C-45
082 00 - DEWEY DECIMAL CLASSIFICATION NUMBER
Classification number 540
Edition number 23
100 1# - MAIN ENTRY--PERSONAL NAME
Personal name Chang, Raymond.
245 10 - TITLE STATEMENT
Title General chemistry :
Remainder of title the essential concepts /
Statement of responsibility, etc. Raymond Chang, Williams College, Kenneth A. Goldsby, Florida State University.
250 ## - EDITION STATEMENT
Edition statement Seventh Edition.
260 ## - PUBLICATION, DISTRIBUTION, ETC.
Place of publication, distribution, etc. New York :
Name of publisher, distributor, etc. McGraw-Hill,
Date of publication, distribution, etc. [2014]
264 #4 - PRODUCTION, PUBLICATION, DISTRIBUTION, MANUFACTURE, AND COPYRIGHT NOTICE
Date of production, publication, distribution, manufacture, or copyright notice ©2014
300 ## - PHYSICAL DESCRIPTION
Extent 1 volume (various pagings) : 814 p. index 10 p.
Other physical details color illustrations ;
Dimensions 26 cm
336 ## - CONTENT TYPE
Content type term text
Source rdacontent
337 ## - MEDIA TYPE
Media type term unmediated
Source rdamedia
338 ## - CARRIER TYPE
Carrier type term volume
Source rdacarrier
365 ## - TRADE PRICE
Price amount 39.84 usd
500 ## - GENERAL NOTE
General note Includes index.
650 #0 - SUBJECT ADDED ENTRY--TOPICAL TERM
Topical term or geographic name entry element Chemistry
Form subdivision Textbooks.
653 ## - INDEX TERM--UNCONTROLLED
Uncontrolled term ქიმია
700 1# - ADDED ENTRY--PERSONAL NAME
Personal name Goldsby, Kenneth A.
906 ## - LOCAL DATA ELEMENT F, LDF (RLIN)
a 7
b cbc
c orignew
d 1
e ecip
f 20
g y-gencatlg
942 ## - ADDED ENTRY ELEMENTS (KOHA)
Source of classification or shelving scheme
Koha item type Books
Edition 7
Holdings
Withdrawn status Lost status Source of classification or shelving scheme Damaged status Not for loan Permanent location Current location Date acquired Inventory number Full call number Barcode Date last seen Price effective from Koha item type Total Checkouts
          Ken Walker International University Ken Walker International University 11/05/2020 55 54 C-45 55 11/05/2020 11/05/2020 Books  
          Ken Walker International University Ken Walker International University 11/17/2020 1203 54 C-45 1203 11/17/2020 11/17/2020 Books  

Powered by Koha